000 00907nab a2200253 u 4500
001 11492
003 HDC
007 cr bn ---aaaaa
008 210207c mydr|nes 0 a eng d
040 _aHDC
100 _aSiti Baaqiah Mamat,
_eauthor
_911812
245 0 _aOIC Stresses Need For Sole Regulator Of Halal Certification /
_cby Siti Baaqiah Mamat and Nur Ashikin Abdul Aziz
260 _a[no place] :
_b[publisher not identified],
_c[no year]
336 _atext
_2rdacontent
337 _acomputer
_2rdamedia
338 _aonline resource
_2rdacarrier
650 _aHalal certificate
_9482
650 _aHalal industry
_9144
710 _aBega District News
856 _zRequest full-text at [email protected]
942 _2lcc
942 _cNEWS
942 _kNWSO 000369
999 _c8815
_d8815